000 00498nam a2200181Ia 4500
008 220531s9999 xx 000 0 und d
041 _aeng
082 _a-
_bADV / MAH
100 _aMahajan, Suhas / Kulkarni, Mahesh
_982601
245 _aAdvanced Cost Accounting, Sem-1
250 _a1ST
260 _aPune
_bNirali
_c2017
300 _a4.132
542 _d09-10-2018
650 _aCost Accounting
_982602
906 _cM.Com-I
_d2018-2019
_eElantas Beck Co.
_f13921
999 _c45545
_d45545